00769nam a2200205Ia 4500003000900000008004100009020002200050040001600072080001600088100002400104245009300128260004800221300001600269650004900285650003400334650003900368942000700407999001700414952013200431IN-BaIIA211028s9999 xx 000 0 eng d a978-0-521-17052-9 cIIA Library a5(091)bHUF aHuff, Toby E934870 0aIntellectual curiosity and the scientific revolutionba global perspectivecToby E. Huff aCambridgebCambridge University Pressc2011 axiii, 354p. aDiscoveries in science-Europe-History934871 aScience-Europe-History934872 aScience-Experiments-History934873 cBK c18220d18220 00104070aBANbBANcGENd2012-02-01eBBI g1428.00l0o5(091)/ HUFp19142r2021-11-05v1428.00w2012-02-01yBKGRs. 1428.00